000 00543nam a2200205 a 4500
005 20240924070250.0
008 991125s19991981mx 000 0 spa u
020 _a9706271533 (10 dígitos)
020 _a9789706271532 (13 dígitos)
035 _aUPN01000177005
049 _aCG
050 4 _aB430 A8
_bG6a
100 0 _aAristóteles,
_d384-322 a.C.
245 1 0 _aEtica nicomaquea /
_cAristóteles.
260 _aMéxico :
_bEpoca,
_c1999.
300 _a235 p.
440 0 _aNuevo talento
650 4 _aÉtica
_912720
905 _aLibro
999 _c149108
_d149108